000 00513nam a2200181 i 4500
001 142905
003 ES-MaACL
005 20250303063151.0
007 t|
008 071010s1934 sp ||||1| spa d
100 1 _aVicente, Gil
_9114336
245 1 0 _aPoesías de Gil Vicente /
_cpublicadas por Dámaso Alonso.
260 _aMadrid :
_bCruz y Raya,
_c1934.
300 _a46 p. ;
_c23 cm.
700 1 _aAlonso, Dámaso,
_d1898-1990
_920195
852 _aES-MaACL
_j1773-F-12
999 _c142905
_d142905